Modern database management / (Record no. 17568)
[ view plain ]
| 000 -LEADER | |
|---|---|
| fixed length control field | 00914pam a2200277 a 4500 |
| 001 - CONTROL NUMBER | |
| control field | 015654670 |
| 003 - CONTROL NUMBER IDENTIFIER | |
| control field | Uk |
| 005 - DATE AND TIME OF LATEST TRANSACTION | |
| control field | 20130930123806.0 |
| 008 - FIXED-LENGTH DATA ELEMENTS--GENERAL INFORMATION | |
| fixed length control field | 100917s2011 maua b 001 0 eng d |
| 020 ## - INTERNATIONAL STANDARD BOOK NUMBER | |
| International Standard Book Number | 9781408264317 (pbk.) : |
| 020 ## - INTERNATIONAL STANDARD BOOK NUMBER | |
| International Standard Book Number | 1408264315 (pbk.) : |
| 082 04 - DEWEY DECIMAL CLASSIFICATION NUMBER | |
| Classification number | 005.74 |
| Edition number | 22 |
| Item number | HOF |
| 100 1# - MAIN ENTRY--PERSONAL NAME | |
| Personal name | Hoffer, Jeffrey A. |
| 9 (RLIN) | 33796 |
| 245 10 - TITLE STATEMENT | |
| Title | Modern database management / |
| Statement of responsibility, etc | Jeffrey A. Hoffer, V. Ramesh and Heikki Topi. |
| 250 ## - EDITION STATEMENT | |
| Edition statement | 10th ed., International ed. / |
| Remainder of edition statement | Jeffrey A. Hoffer, V. Ramesh and Heikki Topi. |
| 260 ## - PUBLICATION, DISTRIBUTION, ETC. (IMPRINT) | |
| Place of publication, distribution, etc | Boston ; |
| -- | London : |
| Name of publisher, distributor, etc | Pearson, |
| Date of publication, distribution, etc | c2011. |
| 300 ## - PHYSICAL DESCRIPTION | |
| Extent | 619 p. : |
| Other physical details | ill. ; |
| Dimensions | 28 cm. |
| 500 ## - GENERAL NOTE | |
| General note | Previous ed.: 2009. |
| 500 ## - GENERAL NOTE | |
| General note | Formerly CIP. |
| Institution to which field applies | Uk |
| 504 ## - BIBLIOGRAPHY, ETC. NOTE | |
| Bibliography, etc | Includes bibliographical references and index. |
| 650 #0 - SUBJECT ADDED ENTRY--TOPICAL TERM | |
| Topical term or geographic name as entry element | Database management. |
| 9 (RLIN) | 33797 |
| 653 ## - INDEX TERM--UNCONTROLLED | |
| Resource For college | |
| Arrived date list | September2013 |
| 700 1# - ADDED ENTRY--PERSONAL NAME | |
| Personal name | Ramesh, V., |
| Titles and other words associated with a name | PhD. |
| 9 (RLIN) | 33798 |
| 700 1# - ADDED ENTRY--PERSONAL NAME | |
| Personal name | Topi, Heikki. |
| 9 (RLIN) | 4377 |
| 942 ## - ADDED ENTRY ELEMENTS (KOHA) | |
| Source of classification or shelving scheme | Dewey Decimal Classification |
| Item type | Book - Borrowing |
| Withdrawn status | Item status | Source of classification or shelving scheme | Damaged status | Not for loan | Vendor | Home library | Current library | Shelving location | Date acquired | Source of acquisition | Total Checkouts | Total Renewals | Full call number | Barcode | Date last seen | Date last borrowed | Koha item type |
|---|---|---|---|---|---|---|---|---|---|---|---|---|---|---|---|---|---|
| Dewey Decimal Classification | Baccah | Central Library | Central Library | Lower Floor | 30/09/2013 | 1 | 3 | 005.74 HOF | 000029084 | 15/07/2025 | 03/11/2014 | Book - Borrowing | |||||
| Dewey Decimal Classification | Baccah | Central Library | Central Library | Lower Floor | 30/09/2013 | 005.74 HOF | 000029085 | 15/07/2025 | Book - Borrowing |